| 000 | 00592nam a2200205Ia 4500 | ||
|---|---|---|---|
| 005 | 20230812114234.0 | ||
| 008 | 131103s9999 xx 000 0 und d | ||
| 040 | _aLoreto College | ||
| 041 | _aEnglish | ||
| 082 |
_a920 _bPLE-COX |
||
| 100 | _aCox,Cynthia | ||
| 245 |
_aTalleyrand's Successor _b Armand - Emmanuel du Plessis Due de Richlieu 1766 - 1822 _cCynthia Cox |
||
| 260 |
_aLondon _bArthur Barker _c1959 |
||
| 300 |
_a224 p. _b illus. |
||
| 504 | _aIncludes index | ||
| 650 | _aPlessis,Armand - Emmanuel du,1766 - 1822 | ||
| 651 | _aBiography | ||
| 850 | _aLCLIB | ||
| 942 | _cBK | ||
| 999 |
_c13884 _d64363 |
||